000 00647nam a2200265Ia 4500
005 20260324152812.0
008 008 260324s9999 xx 000 0 eng d
020 _a9780128499061
037 _aEBOOK
040 _aCRL
040 _beng
040 _cCRL
041 _2eng
041 _aeng
084 _qCRL
100 _aSpeight, James
245 0 _aIntroduction to Enhanced Recovery Methods for Heavy Oil and Tar Sands
260 _bElsevier
260 _c2016
650 _aEnergy
856 _uhttps://www.sciencedirect.com/science/book/9780128499061
942 _cEBOOK
999 _c1840686
_d1840686